[Event "II Weekend A"]
[Site "Vignola ITA"]
[Date "2003.11.08"]
[Round "1"]
[White "Zuccaro, Guido"]
[Black "Moi, Roberto"]
[Result "0-1"]
[WhiteElo "1537"]
[BlackElo "1840"]
[PlyCount "74"]
[EventDate "2003.11.08"]

1. c4 e5 2. Nc3 Nc6 3. g3 g6 4. Bg2 Bg7 5. e3 f5 6. Nge2 Nf6 7. O-O d6 8. d3
O-O 9. f4 Be6 10. Rb1 Rb8 11. b4 e4 12. a3 d5 13. cxd5 Nxd5 14. Nxd5 Bxd5 15.
dxe4 Ba2 16. Rb2 Qxd1 17. Rxd1 Bxb2 18. Bxb2 fxe4 19. Kf2 Rbd8 20. Nd4 Nxd4 21.
Bxd4 Rfe8 22. Rc1 Rd7 23. Ke1 a6 24. Be5 Bd5 25. Rd1 Bc6 26. Rxd7 Bxd7 27. Bxe4
c6 28. Bg2 Be6 29. Ke2 Rd8 30. Bd4 Kf7 31. h3 Bd5 32. e4 Bxe4 33. Bb6 Re8 34.
Bxe4 Rxe4+ 35. Kf3 Rc4 36. Bc5 Rc3+ 37. Kg4 Rxa3 0-1

[Event "II Weekend A"]
[Site "Vignola ITA"]
[Date "2003.11.09"]
[Round "2"]
[White "Moi, Roberto"]
[Black "Barbieri, Giovanni"]
[Result "1-0"]
[WhiteElo "1840"]
[BlackElo "1702"]
[PlyCount "83"]
[EventDate "2003.11.08"]

1. d4 Nf6 2. c4 c5 3. d5 b5 4. Nf3 g6 5. a4 b4 6. Nbd2 Bg7 7. e4 d6 8. Bd3 O-O
9. O-O Nbd7 10. h3 a5 11. Re1 Nh5 12. Nf1 Ne5 13. Be2 Nxf3+ 14. Bxf3 Nf6 15.
Bf4 Nd7 16. Rb1 Ne5 17. Be2 f5 18. Bxe5 Bxe5 19. exf5 Bxf5 20. Bd3 Qd7 21. g4
Bxd3 22. Qxd3 Rf6 23. Nd2 Raf8 24. f3 Qe8 25. Rf1 Qf7 26. Kg2 Rf4 27. Ne4 h6
28. b3 Kg7 29. Rbd1 Bd4 30. Rde1 Be5 31. Qe2 Kg8 32. Rd1 Kg7 33. Nxc5 dxc5 34.
Qxe5+ Kh7 35. Rd3 Qf6 36. Qxf6 R4xf6 37. Re1 R8f7 38. Re4 Kg7 39. Rde3 Kf8 40.
Kg3 g5 41. Re6 Kg7 42. Rxf6 1-0

[Event "II Weekend A"]
[Site "Vignola ITA"]
[Date "2003.11.09"]
[Round "3"]
[White "Cocchi, Andrea"]
[Black "Moi, Roberto"]
[Result "1-0"]
[WhiteElo "2293"]
[BlackElo "1840"]
[PlyCount "35"]
[EventDate "2003.11.08"]

1. Nf3 f5 2. c4 Nf6 3. Nc3 g6 4. g3 Bg7 5. Bg2 O-O 6. O-O d6 7. d3 Nc6 8. Rb1
e5 9. b4 h6 10. b5 Ne7 11. c5 dxc5 12. Nxe5 Ne8 13. Qb3+ Kh8 14. Nc4 Rb8 15.
Qa3 Be6 16. Bb2 Nd5 17. Nxd5 Bxd5 18. Qxc5 1-0

[Event "II Weekend A"]
[Site "Vignola ITA"]
[Date "2003.11.15"]
[Round "4"]
[White "Moi, Roberto"]
[Black "Gandini, Gaudio"]
[Result "1-0"]
[WhiteElo "1840"]
[BlackElo "1627"]
[PlyCount "95"]
[EventDate "2003.11.08"]

1. d4 Nf6 2. c4 d6 3. Nc3 g6 4. e4 Bg7 5. Nf3 O-O 6. Be2 Nbd7 7. O-O e5 8. d5
h6 9. Ne1 Nc5 10. f3 a5 11. Be3 Nh5 12. Qd2 g5 13. Nd3 Nxd3 14. Bxd3 Nf4 15. a4
Nxd3 16. Qxd3 f5 17. c5 f4 18. Bf2 b6 19. cxd6 cxd6 20. Rac1 g4 21. Nb5 g3 22.
Be1 gxh2+ 23. Kh1 Ba6 24. Bf2 Bf6 25. Rc6 Rb8 26. Qa3 Bxb5 27. axb5 Be7 28.
Rfc1 Rf6 29. Qc3 Rf8 30. Qe1 Kh8 31. Rc7 Rg8 32. Ra7 Bf6 33. Rcc7 Rg7 34. Qc3
Qg8 35. Rxg7 Bxg7 36. Qc6 Qd8 37. Rd7 Qg5 38. Rxd6 Rg8 39. Rg6 Qh5 40. Qe6 Kh7
41. Rg4 Rf8 42. d6 Rf6 43. Qe7 Qf7 44. Bxb6 Qxe7 45. dxe7 Re6 46. Bd8 Bf6 47.
e8=Q Rxe8 48. Bxf6 1-0

[Event "II Weekend A"]
[Site "Vignola ITA"]
[Date "2003.11.15"]
[Round "5"]
[White "De Biaggi, Paolo"]
[Black "Moi, Roberto"]
[Result "1/2-1/2"]
[WhiteElo "1651"]
[BlackElo "1840"]
[PlyCount "83"]
[EventDate "2003.11.08"]

1. d4 f5 2. c4 e6 3. Nf3 Nf6 4. Nc3 d5 5. g3 c6 6. Bg2 Bd6 7. cxd5 exd5 8. O-O
O-O 9. Qc2 Qe8 10. Nh4 Ne4 11. f3 Nxc3 12. bxc3 Be7 13. e4 Bxh4 14. gxh4 fxe4
15. Ba3 Rf6 16. fxe4 Bg4 17. Rae1 Rxf1+ 18. Rxf1 Nd7 19. exd5 Nf6 20. dxc6 bxc6
21. Qb3+ Be6 22. Qb7 Bd5 23. Qe7 Qg6 24. Qe2 Re8 25. Qf2 Re3 26. Kh1 Qxg2+ 27.
Qxg2 Rxc3 28. Qxd5+ cxd5 29. Bc5 a5 30. a3 Kf7 31. h5 Rh3 32. Rf5 Rxh5 33. Rxh5
Nxh5 34. a4 Nf4 35. Bb6 Ne6 36. Kg2 g5 37. Kf3 Ke7 38. Ke3 Kd7 39. Bxa5 Kc6 40.
Be1 h5 41. Bc3 Nf8 42. Kf3 1/2-1/2

[Event "II Weekend A"]
[Site "Vignola ITA"]
[Date "2003.11.16"]
[Round "6"]
[White "Moi, Roberto"]
[Black "Panini, Emanuele"]
[Result "0-1"]
[WhiteElo "1840"]
[BlackElo "1807"]
[PlyCount "84"]
[EventDate "2003.11.08"]

1. d4 d5 2. c4 e6 3. Nc3 Nf6 4. cxd5 exd5 5. Bg5 Be7 6. e3 O-O 7. Bd3 h6 8. Bh4
c6 9. Nge2 Nh5 10. Bxe7 Qxe7 11. Ng3 Nf6 12. Qc2 Be6 13. O-O Nbd7 14. f4 Nb6
15. f5 Bd7 16. Rab1 Qd6 17. Qf2 Ng4 18. Qf3 Nf6 19. Nh5 Nxh5 20. Qxh5 f6 21.
Rf3 Be8 22. Qg4 Kh7 23. Ne2 Qb4 24. Nf4 Rf7 25. Rh3 Re7 26. Ne6 Qd2 27. Nf4 Nc4
28. Bxc4 dxc4 29. Qg3 Bf7 30. Qf2 Qxf2+ 31. Kxf2 Re4 32. Ne2 Rae8 33. Nc3 R4e7
34. e4 b5 35. Rf3 b4 36. Na4 Rd7 37. e5 Rxd4 38. e6 Bh5 39. Re3 Rd2+ 40. Kf1
Bd1 41. Nc5 c3 42. bxc3 bxc3 0-1